| 000 | 00592nam a22001817a 4500 | ||
|---|---|---|---|
| 020 | _qHard Cover. | ||
| 082 | _a330 | ||
| 100 | _aMehmood, Fiiza | ||
| 245 |
_aUrbanization and Rural Poverty Nexus in Pakistan / _cFiiza Mehmood, Saif Sarwar, Rameesha Khan |
||
| 260 |
_aIslamabad : _bS3H - NUST, _c2019. |
||
| 300 |
_a54 p. : ill. ; _c30cm. |
||
| 563 | _aHB | ||
| 650 |
_aBS Thesis Economics _927421 |
||
| 700 |
_aDr. Tanveer ul Islam. _927424 |
||
| 856 | _uhttp://10.250.8.41:8080/xmlui/handle/123456789/3288 | ||
| 942 |
_2ddc _cTHE |
||
| 999 |
_c533497 _d533497 |
||